000 00324nam a22001337a 4500
008 250811b |||||||| |||| 00| 0 eng d
020 _a9780538743525
050 _aHD 58.9
_b.W55
100 _aWILLIAM CHUCK
245 _aMGMT: PRINCIPLE OF MANAGEMENT
260 _aUSA
_bSOUTH-WESTERN
_c2011
300 _a368p.
942 _cBK
999 _c4453
_d4453